Lead-free Soldering in Electronics : Science, Technology, and Environmental Impact
Guardado en:
| Autor principal: | |
|---|---|
| Formato: | Libro |
| Lenguaje: | inglés |
| Publicado: |
New York :
Marcel Dekker,
2004
|
| Materias: | |
| Etiquetas: |
Sin Etiquetas, Sea el primero en etiquetar este registro!
|
MARC
| LEADER | 00000nam a22000003a 4500 | ||
|---|---|---|---|
| 001 | stu86400 | ||
| 005 | 20150617225629.0 | ||
| 008 | 040428s2004----xxu-----------------eng-d | ||
| 020 | |a 0-8247-4102-1 | ||
| 040 | |a STU |b slo | ||
| 041 | 0 | |a eng | |
| 044 | |a xxu | ||
| 080 | |a 621.791.3 |7 stu_us_auth*stu6937 | ||
| 100 | 1 | |a Suganuma, Katsuaki |4 aut | |
| 245 | 1 | |a Lead-free Soldering in Electronics : |b Science, Technology, and Environmental Impact | |
| 260 | |a New York : |b Marcel Dekker, |c 2004 | ||
| 300 | |a 342 s | ||
| 650 | 7 | |a spájkovanie |2 stusub | |
| 996 | |b 284M057328 |c M*11350-1 |l MMKN |s A |a 24 |w stu86400_0001 | ||